000 00621nam a22002057a 4500
999 _c17013
_d17013
003 AR-CdUCM
008 190507b ||||| |||| 00| 0 spa d
040 _aMUNICIPALIDAD PROVINCIAL DEL CUSCO
_cBIBLIOTECA MUNICIPAL DEL CUSCO
082 _22ed.
_a869.56 /
_bB19
100 _aBaluarte, Amparo
_925108
245 _aBrevario pasional /
260 _aLima :
_bGoicochea,
_c1971.
300 _a120 paginas ;
_bIlustración,
_c18 cm.
505 _aContenido : Poemas
650 _aPoemas
_9929
650 _aLiteratura peruana
_9169
650 _aPoetas peruanas
_936825
942 _2ddc
_cLIBROS
945 _awnts
_d2019-05-7